| 000 | 00613nam a2200217 a 4500 | ||
|---|---|---|---|
| 001 | BRCA_3893 | ||
| 005 | 20190320204450.0 | ||
| 008 | 050110s1887----u--a######---#000-0#eng-# | ||
| 041 | _aeng | ||
| 044 | _au | ||
| 050 | 4 |
_aF1226 _b.J64 1887 |
|
| 100 | 1 |
_aJohnson, Hannah More _910127 |
|
| 245 | 1 | 0 |
_aAbout Mexico _bpast and present _cby Hannah More Johnson. |
| 260 |
_aPhiladelphia _bPresbyterian Board of Publication _c1887 |
||
| 300 |
_a410 p. _bil. _c18 cm. |
||
| 500 | _aIncluye índice de ilustraciones : p. 15-16 | ||
| 500 | _aC104 | ||
| 651 | 4 |
_aMéxico _xHistoria _9614 |
|
| 902 | _aGFM | ||
| 942 |
_2lcc _cB |
||
| 999 |
_c3621 _d3621 |
||